|
|
|
|
| LEADER |
00968nam a22002171 4500 |
| 001 |
c000365807 |
| 003 |
CARM |
| 005 |
00000000000000.0 |
| 008 |
851211s1968 enk 0 eng d |
| 019 |
1 |
|
|a 413198
|z 12539609
|z 4164272
|z 12033135
|z 21802062
|z 23884072
|z 45108384
|z 45900618
|z 27512520
|5 LACONCORD2021
|
| 035 |
|
|
|a (OCoLC)102999
|5 LACONCORD2021
|
| 100 |
1 |
|
|a Maclure, Stuart.
|
| 245 |
1 |
0 |
|a Curriculum innovation in practice :
|b Canada, England and Wales /
|c United States. A report by J.S.Maclure of the third International Curriculum Conference, Oxford, September 17-22, 1967.
|
| 260 |
|
|
|a Lond. :
|b H.M.S.O.,
|c 1968.
|
| 300 |
|
|
|a 93p.
|
| 650 |
|
0 |
|a Educational innovations.
|
| 650 |
|
0 |
|a Education
|x Curricula.
|
| 852 |
8 |
|
|b CARM
|h A1:AN26F0
|i B08892
|p 0419132
|f BK
|
| 082 |
0 |
4 |
|a 375.006
|
| 999 |
f |
f |
|i 43225dee-8507-568a-9501-c0bf860d7793
|s da9bf5e7-7337-505e-8813-b96ba1f35ef1
|
| 952 |
f |
f |
|p Can circulate
|a CAVAL
|b CAVAL
|c CAVAL
|d CARM 1 Store
|e B08892
|f A1:AN26F0
|h Other scheme
|i book
|m 0419132
|